| 000 | 00729nam a22002297a 4500 | ||
|---|---|---|---|
| 005 | 20170124110051.0 | ||
| 010 | _aA-703933 | ||
| 020 | _c110.00 | ||
| 035 | _aA-703933 | ||
| 037 | _bCen Lib/Ret | ||
| 040 |
_aDPL _bEN |
||
| 082 |
_a657.42 _bRAT |
||
| 100 |
_aRathnam, P. V. _9109700 |
||
| 245 |
_aRathnam's advanced cost and management accountancy : _cby P.V. Rtahnam [and] Mumantha Raju _bshotrs notes, problems & solutions / |
||
| 260 |
_aAllahabad _bKitab Mahal _c1994 |
||
| 270 |
_bAllahabad _a84, K. P. Kakar Road |
||
| 300 |
_a933p. _c21cm(Hb) |
||
| 650 |
_aManaging caosting _9109701 |
||
| 650 |
_aAccountancy _9109702 |
||
| 700 |
_aRaju, Mumantha _979863 |
||
| 942 |
_2ddc _cEN _h657.42 _mRAT |
||
| 999 |
_c129101 _d129101 |
||